[Event "0pen Sesame"]
[Site "SchemingMind.com"]
[Date "2012.09.25"]
[Round "-"]
[White "Holty"]
[Black "kenneth m day"]
[Result "0-1"]
[WhiteCountry "ENG"]
[BlackCountry "USA"]
[WhiteElo "1682"]
[WhiteRD "55"]
[BlackElo "1752"]
[BlackRD "52"]
[GameID "318282"]

1. e4 e5 2. Nf3 Nc6 3. Bb5 a6 4. Ba4 Bc5 5. a3 Nf6 6. Nc3 O-O 7. Bxc6 dxc6 8. Nxe5 Qd4 9. Nd3 Nxe4 10. O-O Bf5
11. Qf3 Nd6 12. b4 Ba7 13. Bb2 Qf6 14. Nb5 Qg6 15. Nxa7 Rxa7 16. Ne5 Qe6 17. Rfe1 Re8 18. Kf1 Qc8 19. Qg3 f6 20. Nd3 Rf8
21. Nf4 Ra8 22. d3 Qd7 23. Rad1 Kh8 24. c4 Rae8 25. a4 Nf7 26. Rxe8 Rxe8 27. Nh5 Bg6 28. Nf4 Bf5 29. Nh5 Bg6 30. Bxf6 Rg8
31. Bxg7+ Rxg7 32. Nxg7 Kxg7 33. h4 h5 34. f4 Kh7 35. Kg1 Qd4+ 36. Kh2 Bf5 37. Re1 Qd7 38. Re3 Nh6 39. Re1 Ng4+ 40. Kh1 Qxd3
41. Qxd3 Bxd3 42. Re7+ Kg6 43. c5 Nf2+ 44. Kg1 Ne4 45. Rxc7 Kf5 46. Rxb7 Kxf4 47. Rb6 Nc3 48. a5 Kg3 49. Rxc6 Ne2+ 50. Kf1 Nd4+
51. Ke1 Nxc6 52. Kd2 Bb5 53. Ke3 Kxg2 54. Kf4 Kh3 55. Kg5 Be2
0-1

[Event "0pen Sesame"]
[Site "SchemingMind.com"]
[Date "2012.09.26"]
[Round "-"]
[White "kenneth m day"]
[Black "Holty"]
[Result "1-0"]
[WhiteCountry "USA"]
[BlackCountry "ENG"]
[WhiteElo "1754"]
[WhiteRD "54"]
[BlackElo "1708"]
[BlackRD "55"]
[GameID "318283"]

1. e4 e5 2. Nf3 Nf6 3. Nxe5 d6 4. Nxf7 Kxf7 5. d4 c6 6. Nc3 b5 7. Qf3 Bg4 8. Qf4 Qe8 9. f3 g5 10. Qxg5 h6
11. Qf4 Bh5 12. Bd2 Nd7 13. O-O-O Kg7 14. Bd3 Kg8 15. g4 Bg6 16. h4 Qf7 17. g5 Nh5 18. Qe3 b4 19. Ne2 Qxa2 20. Bxb4 Qa1+
21. Kd2 Qa4 22. Bc3 c5 23. Ra1 Qc6 24. d5 Qc7 25. Bxh8 Kxh8 26. c3 c4 27. Bc2 Qc5 28. Nd4 Re8 29. gxh6 Kh7 30. Nf5 Qxe3+
31. Nxe3 Ra8 32. Nxc4 Bxh6+ 33. Ne3 Ne5 34. Rhf1 Bf4 35. Ra6 Bxe3+ 36. Kxe3 Be8 37. Rfa1 Bb5 38. Rxa7+ Rxa7 39. Rxa7+ Kg6 40. b3 Ng3
41. c4 Be8 42. f4 Nf7 43. Bd1 Nf1+ 44. Kd3 Ng3 45. b4 Kg7 46. b5
1-0

[Event "0pen Sesame"]
[Site "SchemingMind.com"]
[Date "2012.10.01"]
[Round "-"]
[White "emvarela"]
[Black "kenneth m day"]
[Result "0-1"]
[WhiteCountry "ARG"]
[BlackCountry "USA"]
[WhiteElo "1757"]
[WhiteRD "48"]
[BlackElo "1752"]
[BlackRD "52"]
[GameID "318313"]

1. e4 e5 2. Nf3 Nc6 3. d4 exd4 4. c3 dxc3 5. Bc4 d6 6. Nxc3 Nf6 7. O-O Be7 8. Ng5 O-O 9. Nd5 Nxd5 10. Qxd5 Ne5
11. f4 c6 12. Qd4 Nxc4 13. Qxc4 Qb6+ 14. Kh1 Bf6 15. e5 dxe5 16. fxe5 Bxg5 17. Bxg5 Qxb2 18. Rad1 Qxe5 19. Qf4 Qxf4 20. Bxf4 Be6
21. Rd2 Rad8 22. Rfd1 Rxd2 23. Rxd2 Re8 24. h3 c5 25. g4 c4 26. Kg2 Rc8 27. Rc2 b5 28. Bd6 a5 29. Kf3 Rc6 30. Be5 b4
31. Ke4 f6 32. Bd4 Bf7
0-1

[Event "0pen Sesame"]
[Site "SchemingMind.com"]
[Date "2012.10.01"]
[Round "-"]
[White "emvarela"]
[Black "Holty"]
[Result "0-1"]
[WhiteCountry "ARG"]
[BlackCountry "ENG"]
[WhiteElo "1757"]
[WhiteRD "48"]
[BlackElo "1682"]
[BlackRD "55"]
[GameID "318314"]

1. e4 e5 2. Nf3 Nf6 3. Nxe5 d6 4. Nf3 Nxe4 5. d4 d5 6. Bd3 Bg4 7. O-O Bd6 8. c4 f5 9. Re1 O-O 10. Nbd2 Nc6
11. Nb3 Bxh2+ 12. Kxh2 Nxf2 13. Qe2 Bxf3 14. gxf3 Nxd3 15. Qxd3 Qh4+ 16. Kg2 Qxe1 17. Bf4 Qe7 18. a3 dxc4 19. Qxc4+ Kh8 20. d5 Ne5
21. Bxe5 Qxe5 22. Nd4 Rf6 23. Rd1 Rg6+ 24. Kf2 Qh2+ 25. Ke3 Re8+ 26. Kd3 Qf4 27. Ne6 Qxf3+ 28. Kc2 Rg2+ 29. Kc1 Qe3+ 30. Kb1 Qe2
31. Qxe2 Rxe2 32. Nxc7 Re1 33. Rxe1 Rxe1+ 34. Ka2 Re7
0-1

[Event "0pen Sesame"]
[Site "SchemingMind.com"]
[Date "2012.10.01"]
[Round "-"]
[White "kenneth m day"]
[Black "emvarela"]
[Result "1-0"]
[WhiteCountry "USA"]
[BlackCountry "ARG"]
[WhiteElo "1765"]
[WhiteRD "52"]
[BlackElo "1761"]
[BlackRD "51"]
[GameID "318315"]

1. e4 e5 2. Nf3 Nc6 3. c3 Nf6 4. d4 Nxe4 5. d5 Nb8 6. Nxe5 Qe7 7. Qd4 Nd6 8. Kd1 c6 9. Bd3 f6 10. Nf3 Kf7
11. Re1 Qd8 12. Bf4 g6 13. Nbd2 b6 14. Re2 c5 15. Qe3 Bb7 16. c4 Na6 17. Rc1 Nb4 18. Bb1 Qe8 19. a3 Na6 20. Qd3 Qd8
21. g4 Ne8 22. h4 Ng7 23. Kc2 d6 24. Rg1 Qd7 25. h5 Re8 26. hxg6+ hxg6 27. Kd1 g5 28. Qg6+ Kg8 29. Bg3 Rxe2 30. Kxe2 Qe8+
31. Qxe8 Nxe8 32. Bf5 Ng7 33. Bd7 Kf7 34. Ne4 Be7 35. Ba4 Bc8 36. Bxd6 Bxd6 37. Nxd6+ Ke7 38. Nxc8+ Rxc8 39. Rd1 Kd6 40. Rd3 Rc7
41. Re3 Re7 42. Nd2 Rxe3+ 43. Kxe3 f5 44. gxf5 Nxf5+ 45. Kf3 Nd4+ 46. Kg4 Nc7 47. Kxg5 a6 48. Bd1 b5 49. b3 Ne8 50. Ne4+ Kc7
51. Nxc5 bxc4 52. bxc4 Kb6 53. Ne4 Kc7 54. f4 Nd6 55. Nxd6 Kxd6 56. f5
1-0

[Event "0pen Sesame"]
[Site "SchemingMind.com"]
[Date "2012.10.01"]
[Round "-"]
[White "Holty"]
[Black "emvarela"]
[Result "1-0"]
[WhiteCountry "ENG"]
[BlackCountry "ARG"]
[WhiteElo "1682"]
[WhiteRD "55"]
[BlackElo "1757"]
[BlackRD "48"]
[GameID "318316"]

1. e4 e5 2. Nf3 Nc6 3. d4 exd4 4. Nxd4 Bc5 5. Nxc6 Qf6 6. Qe2 dxc6 7. e5 Qf5 8. g3 Be6 9. Bg2 O-O-O 10. O-O Bd5
11. Nc3 Bxg2 12. Kxg2 Ne7 13. a3 Nd5 14. Ne4 Bd4 15. f4 Rhe8 16. c3 Bxe5 17. fxe5 Qxe5 18. Re1 Nf6 19. Bg5 h6 20. Bxf6 gxf6
21. Rad1 Rxd1 22. Qxd1 f5 23. Nd6+ cxd6 24. Rxe5 Rxe5 25. Qh5
1-0

[Event "0pen Sesame"]
[Site "SchemingMind.com"]
[Date "2012.10.02"]
[Round "-"]
[White "Scooter"]
[Black "emvarela"]
[Result "1-0"]
[WhiteCountry "USA"]
[BlackCountry "ARG"]
[WhiteElo "1769"]
[WhiteRD "52"]
[BlackElo "1743"]
[BlackRD "47"]
[GameID "318358"]

1. d4 Nf6 2. Nf3 d5 3. Bf4 c5 4. e3 Nc6 5. c3 e6 6. h3 Bd6 7. Bxd6 Qxd6 8. Bb5 O-O 9. O-O Bd7 10. Bxc6 Bxc6
11. Nbd2 Rfe8 12. Qc2 c4 13. Ne5 Nd7 14. Ndf3 Nxe5 15. Nxe5 f6 16. Nxc6 Qxc6 17. Rfe1 b5 18. e4 dxe4 19. Rxe4 Rad8 20. Rae1 a5
21. Rh4 g6 22. Qe4 Qxe4 23. Rhxe4 Rd6 24. Rd1 e5 25. f4 Rd5 26. Rde1 Kf7 27. fxe5 fxe5 28. g4 b4 29. Kf2 Re6 30. g5 bxc3
31. bxc3 Rb5 32. Kf3 Rb2 33. R1e2 Rxe2 34. Rxe2 exd4 35. cxd4 Rxe2 36. Kxe2 Ke6 37. Kd2 Kf5 38. h4 Ke4 39. Kc3 Kd5 40. a4
1-0

[Event "0pen Sesame"]
[Site "SchemingMind.com"]
[Date "2012.09.28"]
[Round "-"]
[White "Scooter"]
[Black "kenneth m day"]
[Result "0-1"]
[WhiteCountry "USA"]
[BlackCountry "USA"]
[WhiteElo "1779"]
[WhiteRD "47"]
[BlackElo "1721"]
[BlackRD "52"]
[GameID "318359"]

1. d4 d5 2. Nf3 Nf6 3. Bf4 c5 4. e3 Nc6 5. c3 Qb6 6. Qb3 c4 7. Qxb6 axb6 8. Nbd2 h6 9. Be2 Bf5 10. O-O e6
11. h3 g5 12. Bg3 Kd7 13. Be5 Nxe5 14. Nxe5+ Ke7 15. Bh5 Nxh5 16. g4 f6 17. gxf5 fxe5
0-1

[Event "0pen Sesame"]
[Site "SchemingMind.com"]
[Date "2012.09.28"]
[Round "-"]
[White "Scooter"]
[Black "Holty"]
[Result "1-0"]
[WhiteCountry "USA"]
[BlackCountry "ENG"]
[WhiteElo "1779"]
[WhiteRD "47"]
[BlackElo "1732"]
[BlackRD "58"]
[GameID "318360"]

1. d4 Nf6 2. Nf3 d5 3. Bf4 e6 4. h3 Nbd7 5. e3 Be7 6. Be2 O-O 7. O-O b6 8. Nbd2 c5 9. c3 a6 10. Ne5 Nxe5
11. Bxe5 Nd7 12. Nf3 Nxe5 13. Nxe5 Bb7 14. Bf3 f6 15. Nd3 Qd6 16. dxc5 bxc5 17. b3 Bd8 18. Nf4 Bc7 19. Qc2 Kh8 20. Rfd1 a5
21. c4 g5 22. Ne2 Qe7 23. cxd5 Qd6 24. dxe6 Qh2+ 25. Kf1 Bxf3 26. gxf3 Qxh3+ 27. Ke1 Qxe6 28. Qxc5 Rfc8 29. Nd4 Qf7 30. Qf5 Re8
31. Nb5 Re5 32. Qd7 Re7 33. Qc6 Rd8 34. Nxc7 Rxd1+ 35. Rxd1 Rxc7 36. Qa8+ Kg7 37. Qxa5 Ra7 38. Qd2 Qh5 39. Ke2 Qh2 40. a4 g4
41. fxg4 Rf7 42. Qd5 Qh3 43. Qf5 Re7 44. Rd7 Rf7 45. Rxf7+ Kxf7 46. Qh5+
1-0

[Event "0pen Sesame"]
[Site "SchemingMind.com"]
[Date "2012.10.02"]
[Round "-"]
[White "emvarela"]
[Black "Scooter"]
[Result "0-1"]
[WhiteCountry "ARG"]
[BlackCountry "USA"]
[WhiteElo "1743"]
[WhiteRD "47"]
[BlackElo "1769"]
[BlackRD "52"]
[GameID "318361"]

1. e4 c6 2. d4 d5 3. Nc3 dxe4 4. Nxe4 Bf5 5. Ng3 Bg6 6. h4 h6 7. Nf3 Nd7 8. h5 Bh7 9. Bd3 Bxd3 10. Qxd3 Ngf6
11. Bf4 e6 12. O-O-O Nd5 13. Bd2 Qc7 14. c4 Nf4 15. Bxf4 Qxf4+ 16. Kc2 O-O-O 17. Qe3 Bd6 18. Qxf4 Bxf4 19. Ne2 Bc7 20. b4 Nf6
21. Ne5 Bxe5 22. dxe5 Ng4 23. Rxd8+ Rxd8 24. f3 Nxe5 25. c5 Nc4 26. Nf4 e5 27. Nd3 Ne3+ 28. Kc3 f6 29. g4 Kc7 30. Re1 Nd5+
31. Kc4 Nf4 32. Nxf4 Rd4+ 33. Kc3 Rxf4 34. Re3 Kd7 35. a3 Ke6 36. Rd3 e4 37. fxe4 Rxg4 38. Rd6+ Ke7
0-1

[Event "0pen Sesame"]
[Site "SchemingMind.com"]
[Date "2012.09.28"]
[Round "-"]
[White "kenneth m day"]
[Black "Scooter"]
[Result "0-1"]
[WhiteCountry "USA"]
[BlackCountry "USA"]
[WhiteElo "1754"]
[WhiteRD "54"]
[BlackElo "1764"]
[BlackRD "51"]
[GameID "318362"]

1. e4 c6 2. d4 d5 3. e5 Bf5 4. Nc3 e6 5. g4 Bg6 6. Nge2 c5 7. h4 h6 8. Be3 cxd4 9. Nxd4 Bb4 10. Bb5+ Nd7
11. Qd2 a6 12. Ba4 Ne7 13. h5 Bh7 14. a3 Bxc3 15. Qxc3 b5 16. Bb3 Nxe5 17. Rg1 Rc8 18. Qd2 N7c6 19. f4 Nxd4 20. Qf2 Nef3+
21. Kf1 Nxg1 22. Bxd4 Nh3 23. Qg3 Nxf4 24. Qxf4 O-O 25. Rc1 Qg5 26. Qxg5 hxg5 27. c3 Bd3+ 28. Kf2 a5 29. Ke3 Bc4 30. Bc2 b4
31. b3 Bb5 32. cxb4 axb4 33. a4 Bxa4 34. Kd2 Bb5 35. Bb6 Rc3 36. Ba5 Rg3 37. Bd1 Rd3+ 38. Ke1 Rd4 39. Rc5 Re4+ 40. Kd2 Bf1
41. Bf3 Rf4 42. Bd1 Bh3 43. Rb5 Rd4+ 44. Ke1 Bxg4 45. Bxg4 Rxg4
0-1

[Event "0pen Sesame"]
[Site "SchemingMind.com"]
[Date "2012.10.01"]
[Round "-"]
[White "kubinet"]
[Black "Scooter"]
[Result "0-1"]
[WhiteCountry "GER"]
[BlackCountry "USA"]
[WhiteElo "1454"]
[WhiteRD "44"]
[BlackElo "1775"]
[BlackRD "47"]
[GameID "318406"]

1. e4 c6 2. d4 d5 3. e5 Bf5 4. Nf3 e6 5. Be2 Nd7 6. O-O c5 7. c3 cxd4 8. cxd4 Bb4 9. Bd2 Bxd2 10. Qxd2 Ne7
11. Nc3 h6 12. Nb5 O-O 13. Nd6 b6 14. Rac1 Nc8 15. Nxf5 exf5 16. Qf4 Ne7 17. Bd3 g5 18. Qd2 Rc8 19. h3 Rxc1 20. Rxc1 f6
21. Re1 fxe5 22. Nxe5 Kg7 23. Nxd7 Qxd7 24. Qe2 Nc6 25. Bb5 a6 26. Bxc6 Qxc6 27. Qe5+ Kg6 28. a3 f4 29. Qe6+ Qxe6 30. Rxe6+ Rf6
31. Rxf6+ Kxf6 32. f3 h5 33. Kf2 Kf5
0-1

[Event "0pen Sesame"]
[Site "SchemingMind.com"]
[Date "2012.10.01"]
[Round "-"]
[White "kubinet"]
[Black "kenneth m day"]
[Result "0-1"]
[WhiteCountry "GER"]
[BlackCountry "USA"]
[WhiteElo "1415"]
[WhiteRD "50"]
[BlackElo "1794"]
[BlackRD "51"]
[GameID "318407"]

1. e4 e5 2. Nf3 Nc6 3. Bb5 a6 4. Ba4 d6 5. c3 Nf6 6. O-O Be7 7. Re1 Bg4 8. h3 Bd7 9. d4 exd4 10. cxd4 O-O
11. Nc3 b5 12. Bc2 Nb4 13. Bb3 c5 14. a3 Nc6 15. dxc5 dxc5 16. Bc2 Qc7 17. Bg5 Rfe8 18. Rb1 Rad8 19. Qe2 h6 20. Bh4 Be6
21. Bg3 Qc8 22. Rbd1 Bc4 23. Bd3 Bxd3 24. Rxd3 Rxd3 25. Qxd3 Rd8 26. Qe2 Qe6
0-1

[Event "0pen Sesame"]
[Site "SchemingMind.com"]
[Date "2012.10.04"]
[Round "-"]
[White "kubinet"]
[Black "Holty"]
[Result "1-0"]
[WhiteCountry "GER"]
[BlackCountry "ENG"]
[WhiteElo "1652"]
[WhiteRD "55"]
[BlackElo "1708"]
[BlackRD "55"]
[GameID "318408"]

1. e4 e5 2. Nf3 Nf6 3. d4 Nxe4 4. Bd3 d5 5. Nxe5 Bd6 6. O-O O-O 7. c4 Nc6 8. cxd5 Nxd4 9. Nc4 Nf6 10. Nc3 Bxh2+
11. Kh1 Ng4 12. g3 Qf6 13. Kg2 h5 14. f3 Ne5 15. Nxe5 Qxe5 16. Bf4 Qf6 17. Kxh2 h4 18. Kg2 hxg3 19. Bxg3 Qh6 20. Rh1 Qb6
21. b3 g6 22. Qd2 Bf5 23. Qh6
1-0

[Event "0pen Sesame"]
[Site "SchemingMind.com"]
[Date "2012.10.04"]
[Round "-"]
[White "emvarela"]
[Black "kubinet"]
[Result "1-0"]
[WhiteCountry "ARG"]
[BlackCountry "GER"]
[WhiteElo "1757"]
[WhiteRD "48"]
[BlackElo "1454"]
[BlackRD "44"]
[GameID "318409"]

1. e4 e5 2. Nf3 Nc6 3. Bb5 Nf6 4. O-O Nxe4 5. Re1 Nd6 6. Bxc6 dxc6 7. Nxe5 Be7 8. d4 O-O 9. Nc3 Bf6 10. Ne4 Nxe4
11. Rxe4 Re8 12. f4 Bf5 13. Re1
1-0

[Event "0pen Sesame"]
[Site "SchemingMind.com"]
[Date "2012.09.30"]
[Round "-"]
[White "Scooter"]
[Black "kubinet"]
[Result "1-0"]
[WhiteCountry "USA"]
[BlackCountry "GER"]
[WhiteElo "1775"]
[WhiteRD "47"]
[BlackElo "1454"]
[BlackRD "44"]
[GameID "318410"]

1. d4 d5 2. Nf3 Nf6 3. Bf4 e6 4. e3 Be7 5. h3 O-O 6. Be2 c5 7. c3 Nc6 8. O-O b6 9. Nbd2 Bb7 10. Qb3 Na5
11. Qc2 Nc6 12. Ne5 Rc8 13. Bb5 Nxe5 14. Bxe5 Bd6 15. Nf3 a6 16. Be2 Ne4 17. Bxd6 Qxd6 18. Bd3 Nf6 19. Rfe1 cxd4 20. exd4 b5
21. Ng5 g6 22. Qe2 h6 23. Nf3 Kg7 24. Ne5 Nd7 25. Nxd7 Qxd7 26. Qe5+ Kh7 27. Qf6 Qd8 28. Qf4 Kg7 29. Re2 Qc7 30. Qxc7 Rxc7
31. f4 Re8 32. f5 Rce7 33. fxe6 Rxe6 34. Rae1
1-0

[Event "0pen Sesame"]
[Site "SchemingMind.com"]
[Date "2012.09.30"]
[Round "-"]
[White "kenneth m day"]
[Black "kubinet"]
[Result "1-0"]
[WhiteCountry "USA"]
[BlackCountry "GER"]
[WhiteElo "1752"]
[WhiteRD "52"]
[BlackElo "1454"]
[BlackRD "44"]
[GameID "318411"]

1. e4 c5 2. d4 cxd4 3. c3 dxc3 4. Nxc3 Nc6 5. Nf3 d6 6. Bc4 e6 7. O-O Nf6 8. Qe2 a6 9. Rd1 b5 10. Bb3 Be7
11. h3 O-O 12. Bf4 Qc7 13. Rac1 Bb7 14. g4 h6 15. a3 e5 16. Be3 Na5 17. Nd5 Qd8 18. Bb6 Qe8 19. Bxa5 Nxd5 20. Bxd5 Bxd5
21. Rxd5 Qd7 22. Nxe5 Qe6 23. Nc6 Bf6 24. Bc3 Rfe8 25. Rcd1 Bxc3 26. bxc3 Qxe4 27. Qxe4 Rxe4 28. Rxd6 Rc4 29. R1d3 Re8 30. Nd4 Ra8
31. Nf5
1-0

[Event "0pen Sesame"]
[Site "SchemingMind.com"]
[Date "2012.09.29"]
[Round "-"]
[White "Holty"]
[Black "kubinet"]
[Result "1-0"]
[WhiteCountry "ENG"]
[BlackCountry "GER"]
[WhiteElo "1675"]
[WhiteRD "55"]
[BlackElo "1415"]
[BlackRD "50"]
[GameID "318412"]

1. e4 c5 2. Nf3 d6 3. d4 cxd4 4. Nxd4 Nf6 5. Nc3 a6 6. Be2 g6 7. Bg5 Bg7 8. Qd2 O-O 9. O-O-O Nc6 10. Nxc6 bxc6
11. Bh6 Be6 12. Bxg7 Kxg7 13. h3 Qa5 14. a3 Rab8 15. g4 Qb6 16. b4 Qxf2 17. Bxa6 Qa7 18. Qe2 Ra8 19. Kb2 Qxa6 20. Qxa6 Rxa6
21. Ra1 Rb8 22. Rhe1 Nd7 23. Reb1 c5 24. b5 Bc4 25. Kc1 Ra5 26. a4 Rba8 27. b6 Rb8 28. b7 Ra7 29. a5 Raxb7 30. a6 Rxb1+
31. Nxb1 Ra8 32. Ra4 Bxa6 33. Nc3 Bb7 34. Rxa8 Bxa8 35. Kd2 Ne5 36. Ke3 Bc6 37. Kf4 e6 38. Ne2 f6 39. h4 Nc4 40. Nc3 Ne5
41. Ne2 d5 42. exd5 exd5 43. g5 d4 44. Nc1 Nc4 45. Nd3 Ne3 46. Ne1 Ba4 47. Nf3
1-0

[Event "0pen Sesame"]
[Site "SchemingMind.com"]
[Date "2012.10.02"]
[Round "-"]
[White "e_castle3"]
[Black "emvarela"]
[Result "0-1"]
[WhiteCountry "PHI"]
[BlackCountry "ARG"]
[WhiteElo "1840"]
[WhiteRD "60"]
[BlackElo "1757"]
[BlackRD "48"]
[GameID "318441"]

1. e4 e5 2. Nc3 Nf6 3. f4 d5 4. fxe5 Nxe4 5. Nxe4 dxe4 6. Qe2 Qd4 7. c3 Qxe5 8. d3 Nc6 9. Qxe4 Qxe4+ 10. dxe4 Bd7
11. Bc4 O-O-O 12. Bxf7 Ne5 13. Bh5 Nd3+ 14. Kf1 Bc5 15. Be2 Nf2
0-1

[Event "0pen Sesame"]
[Site "SchemingMind.com"]
[Date "2012.09.29"]
[Round "-"]
[White "e_castle3"]
[Black "Scooter"]
[Result "1-0"]
[WhiteCountry "PHI"]
[BlackCountry "USA"]
[WhiteElo "1840"]
[WhiteRD "60"]
[BlackElo "1775"]
[BlackRD "47"]
[GameID "318442"]

1. e4 c6 2. Nf3 d5 3. exd5 cxd5 4. d4 Bg4 5. Be2 Nf6 6. Nc3 e6 7. h3 Bxf3 8. Bxf3 Bb4 9. O-O O-O 10. Bd2 Nc6
11. a3 Bxc3 12. Bxc3 a6 13. Qd3 b5 14. Bd2 Rc8 15. Bg5 h6 16. Bh4 Re8 17. c3 e5 18. Bxf6 Qxf6 19. Bxd5 exd4 20. Bxc6 Rxc6
21. Rfe1 Kf8 22. Rxe8+ Kxe8 23. Re1+ Kf8 24. Qxd4 Qxd4 25. cxd4 Rc2 26. b4 Rd2 27. Rc1 Rxd4 28. Rc6 a5 29. bxa5 Ra4 30. Rc3 Rxa5
31. Kf1 f5 32. Ke2 g5 33. Kd3 Kf7 34. Kd4 h5 35. Kc5 Ke6 36. Kb4 Ra4+ 37. Kxb5 Rd4 38. Rc2 Rd8 39. Re2+ Kf6 40. a4 Rd5+
41. Kc6 Ra5 42. Ra2 Ke5 43. Kb6 Ra8 44. a5 h4 45. a6 g4 46. Kb7
1-0

[Event "0pen Sesame"]
[Site "SchemingMind.com"]
[Date "2012.09.29"]
[Round "-"]
[White "e_castle3"]
[Black "kenneth m day"]
[Result "0-1"]
[WhiteCountry "PHI"]
[BlackCountry "USA"]
[WhiteElo "1840"]
[WhiteRD "60"]
[BlackElo "1752"]
[BlackRD "52"]
[GameID "318443"]

1. e4 e5 2. Nf3 Nc6 3. Bb5 a6 4. Ba4 Nf6 5. O-O b5 6. Bb3 Be7 7. Re1 O-O 8. c3 d5 9. exd5 Nxd5 10. Nxe5 Nxe5
11. Rxe5 Bb7 12. d4 Bf6 13. Bxd5 Bxd5 14. Re1 Qd6 15. Be3 Rfe8 16. Nd2 c6 17. Qc2 Re6 18. b3 Rae8 19. Rad1 Bd8 20. c4 Be4
21. Nxe4 Rxe4 22. Qd3 Bc7 23. g3 h5 24. Kg2 h4 25. Bf4 h3+ 26. Kf3 Rxf4+
0-1

[Event "0pen Sesame"]
[Site "SchemingMind.com"]
[Date "2012.09.29"]
[Round "-"]
[White "e_castle3"]
[Black "Holty"]
[Result "1-0"]
[WhiteCountry "PHI"]
[BlackCountry "ENG"]
[WhiteElo "1824"]
[WhiteRD "65"]
[BlackElo "1708"]
[BlackRD "55"]
[GameID "318444"]

1. e4 e5 2. Nf3 Nf6 3. Nc3 Bb4 4. Bd3 Nc6 5. a3 Bxc3 6. dxc3 d6 7. Bg5 h6 8. Bh4 Be6 9. Qe2 Qe7 10. Bb5 Bd7
11. O-O-O O-O-O 12. h3 Kb8 13. Rhf1 g5 14. Bg3 a6 15. Bc4 Be6 16. Bxe6 Qxe6 17. Kb1 Nd7 18. h4 g4 19. Nd2 Rdf8 20. Ka1 h5
21. b4 b5 22. a4 Na7 23. axb5 Nxb5 24. Kb2 Nb6 25. Ra1 Kb7 26. f4 c5 27. bxc5 dxc5 28. fxe5 Ka7 29. Qxb5 Qc8 30. Rf6 Qb7
31. Qxc5 Ka8 32. Rxb6 Rc8 33. Rxa6+
1-0

[Event "0pen Sesame"]
[Site "SchemingMind.com"]
[Date "2012.09.30"]
[Round "-"]
[White "e_castle3"]
[Black "kubinet"]
[Result "1-0"]
[WhiteCountry "PHI"]
[BlackCountry "GER"]
[WhiteElo "1769"]
[WhiteRD "61"]
[BlackElo "1415"]
[BlackRD "50"]
[GameID "318445"]

1. e4 e5 2. Nc3 Nf6 3. f4 d5 4. exd5 Nxd5 5. Nxd5 Qxd5 6. Qf3 Qxf3 7. Nxf3 exf4 8. d4 Bd6 9. Bb5+ Bd7 10. Bxd7+ Nxd7
11. O-O O-O 12. Bd2 Rae8 13. Rae1 f6 14. c4 c6 15. b4 a6 16. a4 b6 17. c5 Bc7 18. Nh4 g5 19. Nf5 b5 20. axb5 axb5
21. Ne7+
1-0

[Event "0pen Sesame"]
[Site "SchemingMind.com"]
[Date "2012.10.04"]
[Round "-"]
[White "emvarela"]
[Black "e_castle3"]
[Result "0-1"]
[WhiteCountry "ARG"]
[BlackCountry "PHI"]
[WhiteElo "1759"]
[WhiteRD "49"]
[BlackElo "1734"]
[BlackRD "63"]
[GameID "318446"]

1. e4 Nc6 2. Nf3 d6 3. d4 e6 4. Nc3 Nf6 5. Be2 Be7 6. h3 h6 7. O-O O-O 8. Be3 a6 9. e5 dxe5 10. dxe5 Nd7
11. Bf4 Bb4 12. a3 Bxc3 13. bxc3 Qe7 14. Bc4 Rd8 15. Qe2 b5 16. Bb3 Bb7 17. Rfe1 Nf8 18. c4 Ng6 19. Bg3 Qc5 20. cxb5 axb5
21. Qe3 Qe7 22. a4 b4 23. Rad1 Na5 24. Rd3 Rxd3 25. Qxd3 c5 26. Qd6 Bxf3 27. gxf3 Rd8 28. Qxe7 Nxe7 29. Bf4 Nxb3 30. cxb3 Rd3
31. Re3 Rd1+ 32. Kg2 Nd5 33. Re4 Rb1 34. Be3 Rxb3 35. Bxc5 Ra3 36. Bxb4 Rxa4 37. Bd6 Rxe4 38. fxe4 Nb6 39. f4 Nc4 40. Kf3 f6
41. Bc7 fxe5 42. fxe5 Kf7 43. Bd6 Nxd6 44. exd6 e5 45. Kg4 g6 46. h4 Ke6 47. h5 g5 48. Kg3 Kxd6 49. Kf3 Kc5 50. Ke3 Kc4
0-1

[Event "0pen Sesame"]
[Site "SchemingMind.com"]
[Date "2012.09.29"]
[Round "-"]
[White "Scooter"]
[Black "e_castle3"]
[Result "0-1"]
[WhiteCountry "USA"]
[BlackCountry "PHI"]
[WhiteElo "1764"]
[WhiteRD "51"]
[BlackElo "1824"]
[BlackRD "65"]
[GameID "318447"]

1. d4 d5 2. Nf3 Nf6 3. Bf4 Bf5 4. h3 h6 5. e3 e6 6. Bd3 Bxd3 7. Qxd3 Bd6 8. Bxd6 Qxd6 9. O-O Nbd7 10. Nbd2 e5
11. dxe5 Nxe5 12. Nxe5 Qxe5 13. c3 O-O 14. Nf3 Qd6 15. Rfd1 Rfd8 16. Nd4 c6 17. Nf5 Qf8 18. Qe2 Rd7 19. c4 Rad8 20. cxd5 Rxd5
21. Rxd5 Rxd5 22. Nd4 Qe7 23. Rc1 Rxd4
0-1

[Event "0pen Sesame"]
[Site "SchemingMind.com"]
[Date "2012.09.29"]
[Round "-"]
[White "kenneth m day"]
[Black "e_castle3"]
[Result "1/2-1/2"]
[WhiteCountry "USA"]
[BlackCountry "PHI"]
[WhiteElo "1794"]
[WhiteRD "51"]
[BlackElo "1769"]
[BlackRD "61"]
[GameID "318448"]

1. e4 e5 2. Nf3 Nc6 3. c3 d6 4. d4 exd4 5. Bc4 h6 6. cxd4 a6 7. Nc3 Nf6 8. O-O b5 9. Bd3 Bg4 10. Be3 Be7
11. h3 Bh5 12. Be2 b4 13. Nd5 Nxd5 14. exd5 Nb8 15. Qa4+ Nd7 16. Qxb4 O-O 17. Rac1 Nb6 18. Qb3 Qd7 19. Rfe1 Rfb8 20. Qc2 Nxd5
21. Bd2 Ra7 22. Qc4 Bxf3 23. Bxf3 Nf6 24. Bc6 Qd8 25. Be3 d5 26. Qc2 Bb4 27. Re2 Ne4 28. a3 Bf8 29. Bf4 Bd6 30. Be3 Bf8
31. Bf4 Bd6 32. Be3 Bf8 33. Bf4 Bd6 34. Be3
1/2-1/2

[Event "0pen Sesame"]
[Site "SchemingMind.com"]
[Date "2012.09.29"]
[Round "-"]
[White "Holty"]
[Black "e_castle3"]
[Result "0-1"]
[WhiteCountry "ENG"]
[BlackCountry "PHI"]
[WhiteElo "1682"]
[WhiteRD "55"]
[BlackElo "1840"]
[BlackRD "60"]
[GameID "318449"]

1. e4 Nc6 2. d4 d5 3. e5 Bf5 4. Nf3 h6 5. c3 a6 6. Bd3 Bxd3 7. Qxd3 e6 8. Be3 Qd7 9. Nbd2 Nge7 10. Nb3 Nf5
11. Bd2 Be7 12. O-O O-O 13. Rfe1 b5 14. a4 bxa4 15. Rxa4 Ncxd4 16. Nbxd4 Qxa4 17. Nxf5 exf5 18. Qxf5 Rfd8 19. h3 Qd7 20. Qf4 a5
21. Nd4 Bg5 22. Qg4 Qxg4 23. hxg4 Bxd2 24. Ra1 Bg5 25. Nc6 Re8 26. Re1 Ra6 27. Nd4 c5 28. Nb5 Re7 29. g3 Rb6 30. Nd6 Rxd6
31. f4 Bxf4 32. gxf4 Rg6 33. Kf2 Rxg4 34. Kf3 Rh4 35. b3 Rh3+ 36. Kf2 Rxc3 37. Rd1 d4 38. Ke2 Rxb3 39. Ra1 Ra7 40. Rc1 Rb5
0-1

[Event "0pen Sesame"]
[Site "SchemingMind.com"]
[Date "2012.10.04"]
[Round "-"]
[White "kubinet"]
[Black "e_castle3"]
[Result "0-1"]
[WhiteCountry "GER"]
[BlackCountry "PHI"]
[WhiteElo "1415"]
[WhiteRD "50"]
[BlackElo "1769"]
[BlackRD "61"]
[GameID "318450"]

1. e4 Nc6 2. d4 d5 3. e5 Bf5 4. Nf3 h6 5. Bd3 Bxd3 6. Qxd3 e6 7. O-O g5 8. h3 Bg7 9. Nh2 Qe7 10. f4 gxf4
11. Bxf4 O-O-O 12. Ng4 h5 13. Nh2 f6 14. Nf3 Rf8 15. Nc3 fxe5 16. Nxe5 Nxe5 17. Bxe5 Rxf1+ 18. Qxf1 Bxe5
0-1

[Event "0pen Sesame"]
[Site "SchemingMind.com"]
[Date "2012.10.04"]
[Round "-"]
[White "Olli Ylönen"]
[Black "e_castle3"]
[Result "0-1"]
[WhiteCountry "FIN"]
[BlackCountry "PHI"]
[WhiteElo "1906"]
[WhiteRD "55"]
[BlackElo "1840"]
[BlackRD "60"]
[GameID "318459"]

1. e4 Nc6 2. d4 d5 3. Nc3 e6 4. Nf3 dxe4 5. Nxe4 h6 6. Bb5 Bd7 7. O-O Nf6 8. Re1 Nxe4 9. Rxe4 Be7 10. Rg4 Bf6
11. Qe2 Ne7 12. Bxd7+ Qxd7 13. Ne5 Bxe5 14. Qxe5 f6 15. Qg3 Nf5 16. Qd3 O-O-O 17. Be3 Kb8 18. c4 g5 19. Re4 Nd6 20. Rg4 f5
21. Bxg5 hxg5 22. Rxg5 Ne4 23. Rg6 Qh7
0-1